Biochemistry, molecular biology, and genetics / (Record no. 20109)
[ view plain ]
| 000 -LEADER | |
|---|---|
| fixed length control field | 01981cam a2200361 i 4500 |
| 001 - CONTROL NUMBER | |
| control field | 17633956 |
| 003 - CONTROL NUMBER IDENTIFIER | |
| control field | EG-ScBUE |
| 005 - DATE AND TIME OF LATEST TRANSACTION | |
| control field | 20260125094821.0 |
| 008 - FIXED-LENGTH DATA ELEMENTS--GENERAL INFORMATION | |
| fixed length control field | 130220t2014 mdua fr 001 0 eng d |
| 020 ## - INTERNATIONAL STANDARD BOOK NUMBER | |
| International Standard Book Number | 9781451175363 |
| 020 ## - INTERNATIONAL STANDARD BOOK NUMBER | |
| International Standard Book Number | 1451175361 |
| 040 ## - CATALOGING SOURCE | |
| Original cataloging agency | DNLM/DLC |
| Language of cataloging | eng |
| Description conventions | rda |
| Transcribing agency | DLC |
| Modifying agency | DLC |
| -- | EG-ScBUE |
| 082 04 - DEWEY DECIMAL CLASSIFICATION NUMBER | |
| Classification number | 572.8076 |
| Edition number | 22 |
| Item number | LIE |
| 100 1# - MAIN ENTRY--PERSONAL NAME | |
| Personal name | Lieberman, Michael, |
| Dates associated with a name | 1950- |
| Relator term | author. |
| 9 (RLIN) | 39287 |
| 245 10 - TITLE STATEMENT | |
| Title | Biochemistry, molecular biology, and genetics / |
| Statement of responsibility, etc | Michael A. Lieberman, Rick Ricer. |
| 250 ## - EDITION STATEMENT | |
| Edition statement | Sixth edition. |
| 264 #1 - PRODUCTION, PUBLICATION, DISTRIBUTION, MANUFACTURE STATEMENTS | |
| Place of production, publication, distribution, manufacture | Baltimore ; |
| -- | Philadelphia : |
| Name of producer, publisher, distributor, manufacturer | Wolters Kluwer / Lippincott Williams & Wilkins, |
| Date of production, publication, distribution, manufacture | [2014] |
| 264 #4 - PRODUCTION, PUBLICATION, DISTRIBUTION, MANUFACTURE STATEMENTS | |
| Date of production, publication, distribution, manufacture | c2014 |
| 300 ## - PHYSICAL DESCRIPTION | |
| Extent | ix, 449 pages : |
| Other physical details | illustrations ; |
| Dimensions | 26 cm. |
| 336 ## - CONTENT TYPE | |
| Source | rdacontent |
| Content Type Term | text |
| Content Type Code | txt |
| 337 ## - MEDIA TYPE | |
| Source | rdamedia |
| Media Type Term | unmediated |
| Media Type Code | n |
| 338 ## - CARRIER TYPE | |
| Source | rdacarrier |
| Carrier Type Term | volume |
| Carrier Type Code | nc |
| 490 0# - SERIES STATEMENT | |
| Series statement | Board review series |
| 500 ## - GENERAL NOTE | |
| General note | Includes index.<br/> |
| 500 ## - GENERAL NOTE | |
| General note | Rev. ed. of: Biochemistry, molecular biology, and genetics / Todd A. Swanson, Sandra I. Kim, Marc J. Glucksman. 5th ed. c2010. |
| 505 0# - FORMATTED CONTENTS NOTE | |
| Formatted contents note | Fuel metabolism and nutrition, basic principles -- Basic aspects of biochemistry : organic chemistry, acid-base chemistry, amino acids, protein structure and function, and enzyme kinetics -- Gene expression (transcription), synthesis of proteins (translation), and regulation of gene expression -- Cell biology, signal transduction, and the molecular biology of cancer -- Generation of ATP from metabolic fuels and oxygen toxicity -- Carbohydrate metabolism -- Lipid and ethanol metabolism -- Nitrogen metabolism? Amino acids, purines, pyrimidines, and products derived from amino acids -- Molecular endocrinology and overview of tissue metabolism -- Human genetics : an introduction. |
| 650 #7 - SUBJECT ADDED ENTRY--TOPICAL TERM | |
| Topical term or geographic name as entry element | Molecular biology. |
| 9 (RLIN) | 38995 |
| Source of heading or term | BUEsh |
| 650 #7 - SUBJECT ADDED ENTRY--TOPICAL TERM | |
| Topical term or geographic name as entry element | Biochemistry. |
| 9 (RLIN) | 18368 |
| Source of heading or term | BUEsh |
| 650 #7 - SUBJECT ADDED ENTRY--TOPICAL TERM | |
| Topical term or geographic name as entry element | Clinical biochemistry. |
| 9 (RLIN) | 36628 |
| Source of heading or term | BUEsh |
| 653 ## - INDEX TERM--UNCONTROLLED | |
| Resource For college list | Engineering, General |
| Arrived date list | June2015 |
| -- | February2016 |
| 700 1# - ADDED ENTRY--PERSONAL NAME | |
| Personal name | Ricer, Rick, |
| Relator term | author. |
| 942 ## - ADDED ENTRY ELEMENTS (KOHA) | |
| Source of classification or shelving scheme | Dewey Decimal Classification |
| Item type | Book - Borrowing |
| Withdrawn status | Lost status | Source of classification or shelving scheme | Damaged status | Not for loan | Koha collection | Home library | Current library | Shelving location | Date acquired | Source of acquisition | Cost, normal purchase price | Serial Enumeration / chronology | Total Checkouts | Total Renewals | Full call number | Barcode | Date last seen | Date last borrowed | Cost, replacement price | Koha item type |
|---|---|---|---|---|---|---|---|---|---|---|---|---|---|---|---|---|---|---|---|---|
| Dewey Decimal Classification | Central Library | Central Library | First floor | 02/07/2015 | Purchase | 300.00 | 1091 | 4 | 20 | 572.8076 LIE | 000039231 | 15/07/2025 | 10/12/2019 | 375.00 | Book - Borrowing |